[Event "New Zealand Seniors Chess Championship 2016"]
[Site "Mt Maunganui NZL"]
[Date "2016.04.23"]
[Round "2.1"]
[White "Dive, Russell J"]
[Black "Yee, Stanley"]
[Result "1-0"]
[WhiteElo "2452"]
[BlackElo "2016"]
[EventDate "2016.04.23"]
[PlyCount "0"]
[SourceDate ""]

1.Nf3 d5 2.c4 c6 3.b3 Bf5 4.Bb2 e6 5.g3 Nf6 6.Bg2 Be7 7.O-O O-O 8.d3 Nbd7 
9.Nbd2 h6 10.Re1 Bh7 11.a3 a5 12.Qc2 Qb6 13.Bc3 Ng4 14.e3 Bf6 15.Bxf6 
Ngxf6 16.Qc3 Rfc8 17.b4 axb4 18.axb4 Qd8 19.Bf1 Rxa1 20.Rxa1 Ra8 21.c5 Qb8
22.d4 Ra7 23.b5 cxb5 24.Bxb5 Qa8 25.Rxa7 Qxa7 26.Nb3 Be4 27.Nfd2 Qb8 28.f3
Bg6 29.Kg2 Qc8 30.Qb4 e5 31.Bxd7 Nxd7 32.Na5 exd4 33.exd4 Bd3 34.Qxb7 Qe8 
35.Nab3 Qe2+ 36.Kh3 Qe6+ 37.g4 h5 38.c6 hxg4+ 39.Kg3 Qe1+ 40.Kf4 g5+ 41.
Kxg5 Qe3+ 42.Kh4 Qf2+ 43.Kxg4 1-0

[Event "New Zealand Seniors Chess Championship 2016"]
[Site "Mt Maunganui NZL"]
[Date "2016.04.23"]
[Round "2.2"]
[White "Jackson, L Ross"]
[Black "Smith, Robert W"]
[Result "1-0"]
[WhiteElo "2027"]
[BlackElo "2337"]
[EventDate "2016.04.23"]
[PlyCount "0"]
[SourceDate ""]

1.d4 Nf6 2.c4 g6 3.Nc3 Bg7 4.e4 d6 5.h3 O-O 6.Nf3 Na6 7.Be3 e5 8.d5 Nc5 9.
Qc2 a5 10.g4 Ne8 11.Rg1 Kh8 12.Na4 b6 13.O-O-O Bd7 14.Nc3 a4 15.Bd3 Nxd3+ 
16.Qxd3 a3 17.b3 f5 18.gxf5 gxf5 19.Bg5 Qc8 20.h4 h6 21.Bd2 Nf6 22.Qe3 Ng4
23.Qe2 Qe8 24.Ne1 Nf6 25.f3 Qh5 26.Qg2 Rg8 27.Nc2 fxe4 28.fxe4 Bf8 29.Qh1 
Be7 30.Ne3 Ng4 31.Rdf1 Raf8 32.Nxg4 Bxg4 33.Nb5 Bd8 34.Nxa3 Rxf1+ 35.Rxf1 
Bxh4 36.Nb5 Rg7 37.a4 Kh7 38.Nc3 Bg5 39.Qxh5 Bxd2+ 40.Kxd2 Bxh5 41.Rf2 Be8
42.b4 h5 43.a5 bxa5 44.bxa5 c6 45.Rf8 Re7 46.a6 Bf7 47.Nb5 Kg7 48.Rb8 cxb5
49.Rb7 Re8 50.a7 h4 51.Rb8 h3 52.Rxe8 h2 53.Rh8 Kxh8 54.a8=Q+ Kg7 55.Qa1 
bxc4 56.Qh1 Bg6 57.Ke3 1-0

[Event "New Zealand Seniors Chess Championship 2016"]
[Site "Mt Maunganui NZL"]
[Date "2016.04.23"]
[Round "2.3"]
[White "Spiller, Paul S"]
[Black "Bennett, Hilton P"]
[Result "1/2-1/2"]
[WhiteElo "2003"]
[BlackElo "2052"]
[EventDate "2016.04.23"]
[PlyCount "0"]
[SourceDate ""]

1.Nf3 Nf6 2.g3 g6 3.Bg2 Bg7 4.d4 O-O 5.O-O d6 6.c4 c6 7.Nc3 Nbd7 8.e4 e5 
9.dxe5 Nxe5 10.Nxe5 dxe5 11.h3 Qxd1 12.Rxd1 Be6 13.b3 Rfd8 14.Be3 b6 15.
Rxd8+ Rxd8 16.Rd1 1/2-1/2

[Event "New Zealand Seniors Chess Championship 2016"]
[Site "Mt Maunganui NZL"]
[Date "2016.04.23"]
[Round "2.4"]
[White "Gibbons, Robert E"]
[Black "Smith, Vivian J"]
[Result "1-0"]
[WhiteElo "2075"]
[BlackElo "1835"]
[EventDate "2016.04.23"]
[PlyCount "0"]
[SourceDate ""]

1.d4 Nf6 2.c4 c5 3.d5 b5 4.Nc3 b4 5.Nb1 g6 6.b3 d6 7.Bb2 Bg7 8.Nf3 O-O 9.
Nbd2 Bf5 10.g3 Qc7 11.Bg2 Nbd7 12.Nh4 Rad8 13.e4 Ne5 14.Bxe5 dxe5 15.exf5 
g5 16.Nhf3 h6 17.Rc1 e4 18.Ng1 Qe5 19.Ne2 Qxf5 20.O-O e6 21.Qc2 exd5 22.
cxd5 Rfe8 23.f3 Qxd5 24.Nxe4 Nxe4 25.fxe4 Qd2 26.Qxd2 Rxd2 27.Bf3 Rxa2 28.
g4 Rb2 29.Rb1 Ra2 30.Rfd1 a5 31.Kf1 a4 32.bxa4 Rxa4 33.Rdc1 Ra5 34.Rc4 Bf8
35.Nc1 Ra3 36.Rb3 Ra1 37.Ke2 Rea8 38.Kd2 R8a7 39.Be2 R1a6 40.Bd1 Bg7 41.
Bc2 Bc3+ 42.Rbxc3 bxc3+ 43.Kxc3 Rd7 44.Nb3 Ra2 45.Rxc5 Rda7 46.Nd2 Rb7 47.
Nb3 Rba7 48.Rc4 R2a3 49.Kd2 Ra2 50.Rc3 Rd7+ 51.Rd3 Rc7 52.Nd4 Kg7 53.Nf5+ 
Kf6 54.Ne3 Ke5 55.Rd5+ 1-0

[Event "New Zealand Seniors Chess Championship 2016"]
[Site "Mt Maunganui NZL"]
[Date "2016.04.23"]
[Round "2.5"]
[White "Cooper, Nigel"]
[Black "Kerr, Grant"]
[Result "1/2-1/2"]
[WhiteElo "1764"]
[BlackElo "1658"]
[EventDate "2016.04.23"]
[PlyCount "0"]
[SourceDate ""]

1.d4 Nf6 2.Bg5 Ne4 3.Bf4 g6 4.Nd2 Nf6 5.e4 d6 6.Ngf3 Bg7 7.Bd3 O-O 8.Qe2 
Nbd7 9.O-O c5 10.e5 Nh5 11.Bg5 h6 12.Bh4 dxe5 13.dxe5 Nf4 14.Qe3 Nxd3 15.
cxd3 Nb6 16.Qxc5 g5 17.Bg3 Be6 18.Qd4 Nd5 19.Rac1 Qa5 20.a3 Rfd8 21.Qc5 
Qa6 22.Qc4 Qb6 23.Qe4 Qxb2 24.Nc4 Qb5 25.Nd4 Qd7 26.Nxe6 Qxe6 27.Ne3 Nxe3 
28.fxe3 Qd5 29.Qxd5 Rxd5 30.d4 Rad8 31.Rc7 R5d7 32.Rfc1 e6 33.Be1 Bf8 34.
Bb4 Bxb4 35.axb4 Kg7 36.Kf2 Kg6 37.g4 a6 38.Kf3 b6 39.R7c6 a5 40.Rxb6 axb4
41.Rxb4 Ra8 42.Rbc4 Ra2 43.R1c2 Rda7 44.h3 R2a3 45.Ke4 Ra2 46.Rc6 Rxc2 47.
Rxc2 Ra5 48.Rc5 Ra2 49.Kf3 Ra3 50.d5 exd5 51.Rxd5 Rb3 52.Rd6+ Kg7 53.e6 
fxe6 54.Rxe6 Ra3 55.Ke4 Ra2 56.Kf3 Rh2 57.Kg3 Rb2 58.h4 gxh4+ 59.Kxh4 Rb1 
60.Kg3 Rg1+ 61.Kf3 Rf1+ 62.Kg2 Re1 63.Kf2 Rb1 64.Kf3 Rf1+ 1/2-1/2

[Event "New Zealand Seniors Chess Championship 2016"]
[Site "Mt Maunganui NZL"]
[Date "2016.04.23"]
[Round "2.6"]
[White "Morrell, Gordon"]
[Black "Cooper, David J"]
[Result "1-0"]
[WhiteElo "2181"]
[BlackElo "2106"]
[EventDate "2016.04.23"]
[PlyCount "0"]
[SourceDate ""]

1.d4 d5 2.Nf3 Nf6 3.c4 c6 4.e3 e6 5.Nbd2 Be7 6.Bd3 Nbd7 7.b3 O-O 8.Bb2 Qc7
9.O-O h6 10.Rc1 Re8 11.Bb1 Nf8 12.Ne5 Bd6 13.f4 Qe7 14.Qf3 c5 15.Rce1 b6 
16.cxd5 exd5 17.Bd3 Bb7 18.Ng4 Ne4 19.dxc5 Bxc5 20.Nxe4 dxe4 21.Qg3 Ng6 
22.Bc4 Qh4 23.Nf6+ Kh8 24.Nxe8 Qxg3 25.hxg3 1-0